| 000 | 00392pam a2200157a 44500 | ||
|---|---|---|---|
| 008 | 230515b1990 xxu||||| |||| 00| 0 eng d | ||
| 020 | _a8123909322 | ||
| 041 | _aENGLISH | ||
| 082 | _a616.077 | ||
| 100 | _aBHASKAR S.N. | ||
| 245 | _aSYNOPSIS OF ORAL PATHOLOGY | ||
| 250 | _a7TH | ||
| 260 |
_aNEW DELHI _b"C.B.S. PUBLISHERS, NEW DELHI" _c1990 |
||
| 300 | _a809 | ||
| 650 | _aORAL PATHOLOGY | ||
| 999 |
_c425344 _d425344 |
||